Nutritive Value of Indian Foods (Record no. 155453)
[ view plain ]
| 000 -LEADER | |
|---|---|
| fixed length control field | 00358nam a2200133Ia 4500 |
| 008 - FIXED-LENGTH DATA ELEMENTS--GENERAL INFORMATION | |
| fixed length control field | 230411s9999 xx 000 0 und d |
| 041 ## - LANGUAGE CODE | |
| Language code of text/sound track or separate title | eng |
| 082 ## - DEWEY DECIMAL CLASSIFICATION NUMBER | |
| Classification number | N/613.2/GOP/B04864 |
| 100 ## - MAIN ENTRY--PERSONAL NAME | |
| Personal name | Gopalan C |
| 245 ## - TITLE STATEMENT | |
| Title | Nutritive Value of Indian Foods |
| 260 ## - PUBLICATION, DISTRIBUTION, ETC. (IMPRINT) | |
| Name of publisher, distributor, etc. | National Institute Of Nutrition |
| Place of publication, distribution, etc. | Hyderabad |
| Date of publication, distribution, etc. | 2004 |
| 300 ## - PHYSICAL DESCRIPTION | |
| Extent | 161p |
| Withdrawn status | Lost status | Damaged status | Not for loan | Collection code | Home library | Current library | Date acquired | Vendor | Cost, normal purchase price | Bill number | Total Checkouts | Total Renewals | Full call number | Barcode | Date last seen | Date last checked out | Cost, replacement price | Bill Date | Koha item type | Original Barcode |
|---|---|---|---|---|---|---|---|---|---|---|---|---|---|---|---|---|---|---|---|---|
| Smt. Bakul Tambat Institute of Nursing Education | Smt. Bakul Tambat Institute of Nursing Education | 26/12/2007 | M.K.S.S.S I.N.E.Ratnagiri. | 40.00 | 1063 | 1 | 1 | N 613.2 GOP B04864 | BTIN-BK-4864 | 24/08/2023 | 09/08/2023 | 40.00 | 14/03/2005 | Books | B04864 |